| 000 | 01422cam a2200337 a 4500 | ||
|---|---|---|---|
| 090 | _c0 | ||
| 001 | 4491404 | ||
| 005 | 20040618102723.0 | ||
| 008 | 971015s1998 nyua 001 0 eng | ||
| 010 | _a 97043063 | ||
| 020 | _a0471248339 (cloth : alk. paper) | ||
| 040 |
_aDLC _cDLC _dDLC |
||
| 050 | 0 | 0 |
_aHD30.28 _b.P373 1998 |
| 082 | 0 | 0 |
_a658.4012 _221 _bPER |
| 245 | 0 | 0 |
_aPerspectives on strategy : _bfrom the Boston Consulting Group / _cedited by Carl W. Stern and George Stalk, Jr. |
| 260 |
_aNew York : _bJ. Wiley, _cc1998. |
||
| 300 |
_axv, 319 p. : _bill. ; _c24 cm. |
||
| 500 | _aIncludes index. | ||
| 610 | 2 | 0 | _aBoston Consulting Group. |
| 650 | 0 | _aStrategic planning. | |
| 650 | 0 | _aCompetition. | |
| 700 | 1 | _aStern, Carl W. | |
| 700 | 1 |
_aStalk, George, _d1951- |
|
| 710 | 2 | _aBoston Consulting Group. | |
| 856 | 4 | 2 |
_3Contributor biographical information _uhttp://www.loc.gov/catdir/bios/wiley041/97043063.html |
| 856 | 4 | 2 |
_3Publisher description _uhttp://www.loc.gov/catdir/description/wiley031/97043063.html |
| 856 | 4 |
_3Table of Contents _uhttp://www.loc.gov/catdir/toc/onix01/97043063.html |
|
| 942 |
_2ddc _cBB |
||
| 999 |
_c10541 _d10541 |
||